000
00316nam a22001457a 4500
008
210225b ||||| |||| 00| 0 eng d
020
_a
1285096193
041
_a
eng
080
_2
2nd
_a
004
082
_a
004
100
_a
28
101
_a
SHKI
245
_a
CMPTR Student Edition
_c
Pinard, K. T
942
_2
udc
_c
BK
999
_c
55238
_d
55238